书目信息 |
| 题名: |
伊洛河流域土地利用和土地覆被变化与可持续发展研究
|
|
| 作者: | 苗长虹 著 | |
| 分册: | ||
| 出版信息: | 北京 中国环境科学出版社 2006 |
|
| 页数: | 172页 | |
| 开本: | 23cm | |
| 丛书名: | ||
| 单 册: | ||
| 中图分类: | F321.1 , F327.61 | |
| 科图分类: | ||
| 主题词: | 土地利用 , 可持续发展 , 流域 | |
| 电子资源: | ||
| ISBN: | 7-80209-334-1 | |
| 000 | 01174nam0 2200301 450 | |
| 001 | 003218911 | |
| 005 | 20070804111512.23 | |
| 010 | @a7-80209-334-1@dCNY28.00 | |
| 100 | @a20060104d2006 em y0chiy0110 ea | |
| 101 | 0 | @achi |
| 102 | @aCN@b110000 | |
| 105 | @aa z 000yy | |
| 200 | 1 | @a伊洛河流域土地利用和土地覆被变化与可持续发展研究@9yi luo he liu yu tu di li yong he tu di fu bei bian hua yu ke chi xu fa zhan yan jiu@f苗长虹[等]著 |
| 210 | @a北京@c中国环境科学出版社@d2006 | |
| 215 | @a172页@c图@d23cm | |
| 300 | @a河南省杰出青年科学基金项目 教育部人文社科重点研究基地 河南大学黄河文明与可持续发展研究中心资助项目 | |
| 304 | @a著者还有:钱乐祥、常捷、刘静玉、王兵、肖燕 | |
| 330 | @a本书介绍了伊洛河流域土地利用和覆被变化、不同尺度土地利用和土地覆被变化的驱动机制,土地覆被的景观格局及变化,生态经济综合区划与优化调控,经济空间分异与可持续发展等内容。 | |
| 606 | 0 | @a土地利用 |
| 606 | 0 | @a可持续发展 |
| 606 | 0 | @a流域 |
| 607 | @a洛河 | |
| 607 | @a洛河@x流域@x土地利用@x可持续发展@x研究 | |
| 690 | @aF321.1@v4 | |
| 690 | @aF327.61@v4 | |
| 701 | 0 | @a苗长虹@9miao chang hong@f(1965~)@4著 |
| 801 | 0 | @aCN@bNLC@c20070804 |
| 905 | @a10447@dF321.1@e89 | |
| 伊洛河流域土地利用和土地覆被变化与可持续发展研究/苗长虹[等]著.-北京:中国环境科学出版社,2006 |
| 172页:图;23cm |
| 河南省杰出青年科学基金项目 教育部人文社科重点研究基地 河南大学黄河文明与可持续发展研究中心资助项目 |
| ISBN 7-80209-334-1:CNY28.00 |
| 本书介绍了伊洛河流域土地利用和覆被变化、不同尺度土地利用和土地覆被变化的驱动机制,土地覆被的景观格局及变化,生态经济综合区划与优化调控,经济空间分异与可持续发展等内容。 |
| ● |
| 相关链接 |
|
|
|
|
正题名:伊洛河流域土地利用和土地覆被变化与可持续发展研究
索取号:F321.1/89
 
预约/预借
| 序号 | 登录号 | 条形码 | 馆藏地/架位号 | 状态 | 备注 |
| 1 | 0804099 | 208040993 | 第一样本阅览室/ [索取号:F321.1/89] | 在馆 |